000 01858nam a2200349 i 4500
001 179310
003 ES-MaACL
005 20260423184300.0
008 111025s2010 sp acop |||| |dspa d
020 _a978-84-936415-6-6
080 _a061.22(460.27 M.)(091)(060.64)
080 _a061.236.6(460.27 M.):7(060.64)
245 0 4 _aLas estrellas del Ateneo
_b: exposición, Ateneo de Madrid, diciembre 2010 /
_cartículos, Clara Herrera Tejada, María Olivera Zaldua ; estudios históricos, Fernando Sígler Silvera, María Zozaya Montes.
250 _a1ª ed.
260 _aMadrid :
_bAteneo Científico, Literario y Artístico,
_c2010.
300 _a119 p. :
_bil., fot. ;
_c24 cm.
504 _aReferencias bibliográficas.
505 8 _aContiene: ;
_tLas estrellas del Ateneo en 1952: el rastro de los documentos /
_rClara Herrera Tejada. --
_tLa fotografía, una (otra) forma de mostrar la historia /
_rMaría Olivera Zaldua. --
_tEl franquismo contra la simbología del Ateneo : la obsesión antimasónica de los católicos intransigentes del régimen /
_rFernando Sígler Silvera. --
_tEl techo de la perfección : las pinturas del Ateneo de Arturo Mélida /
_rMaría Zozaya Montes
610 2 7 _aAteneo de Madrid-
_vHistoria-
_vExposiciones.
_9148407
610 2 4 _aAteneo de Madrid-
_vExposiciones-
_y2010-2019.
_9144911
650 2 7 _aMasonería y arte
_2embne
_9148410
655 7 _2tgfbne
_9193628
_aCatálogos de exposiciones
700 1 _aHerrera Tejada, Clara.
_963245
700 1 _aOlivera Zaldua, María
_9143667
700 1 _aSígler Silvera, Fernando.
_9138858
700 1 _aZozaya Montes, María.
_9137745
710 2 _aAteneo de Madrid.
_91875
852 _aES-MaACL
_9186196
_bR.146654
_jA-11673
_dOlim: N-4678
_cDEPO1
852 _aES-MaACL
_9186195
_bR.146654
_jA-11674/Ej.1
_dOlim: N-4679
_cDEPO1
942 _2udc
999 _c179310
_d179310